000
00460nam a2200145Ia 4500
008
090124s9999 xx 000 0 und d
082
_b
402585
245
_a
थोरांच्या नवलकथा भा 2
250
_a
1
260
_b
देवळे श.रा.
_c
1991
300
_a
64
630
_a
थोरांच्या नवलकथा भा 2
730
_a
थोरांच्या नवलकथा भा 2
942
_c
BOOK
999
_c
199045
_d
199045